000 00507nam a2200181Ia 4500
999 _c36974
_d36974
003 OSt
005 20210125124505.0
008 190216s9999||||xx |||||||||||||| ||und||
020 _a9788126121403
040 _coclc
082 _a340
_bTEA/M
100 _aA Team Of Experts
245 0 _aModern UGC NET / SLET Law /
_cA Team Of Experts
260 _bAnmol Publications,
_aNew Delhi:
_c2007.
300 _a608p
650 _aReferences
942 _cREF
_2ddc
_h340
_iTEA/M
_k340
_mTEA/M